| 000 | 00547nam a2200193Ia 4500 | ||
|---|---|---|---|
| 003 | OSt | ||
| 005 | 20250214115031.0 | ||
| 008 | 210210b1943 xxu||||| |||| 00| 0 eng d | ||
| 040 | _cAL | ||
| 041 | _ahin | ||
| 082 | _a868/43 | ||
| 100 |
_aSANSKRITHYAYAN (Rahul): _9199715 |
||
| 110 |
_bसांस्कृतायन राहुल _9199716 |
||
| 245 |
_aNaye bharat ke naye netha: _bनए भारत के नए नेता |
||
| 260 |
_aAllahabad _b- _c1943 |
||
| 690 |
_aBiography _9199717 |
||
| 906 | _a023768 | ||
| 942 |
_2ddc _cBK |
||
| 999 |
_c148733 _d148733 |
||